书目信息 |
| 题名: |
机电控制基础理论及应用
|
|
| 作者: | 王田苗 , 丑武 编著 | |
| 分册: | ||
| 出版信息: | 北京 清华大学出版社 2003 |
|
| 页数: | 234 | |
| 开本: | 22 | |
| 丛书名: | ||
| 单 册: | ||
| 中图分类: | TH39 | |
| 科图分类: | ||
| 主题词: | 泵 | |
| 电子资源: | ||
| ISBN: | 7-302-06283-8 | |
| 000 | 00619nam0 2200193 450 | |
| 001 | 202410183393192972 | |
| 005 | 20241018180439.14 | |
| 010 | @a7-302-06283-8@d23 | |
| 100 | @a20241018d km y0chiy0120 ea | |
| 101 | 0 | @achi |
| 200 | 1 | @a机电控制基础理论及应用@AJi Dian Kong Zhi Ji Chu Li Lun Ji Ying Yong@f王田苗,丑武编著@FWang Tian Miao,Chou Wu Bian Zhu |
| 210 | @a北京@c清华大学出版社@d2003 | |
| 215 | @a234@d22 | |
| 606 | 0 | @a泵 |
| 690 | @aTH39@v4 | |
| 701 | 0 | @a王田苗@AWang Tian Miao@4编著 |
| 701 | 0 | @a丑武@AChou Wu@4编著 |
| 801 | 0 | @aCN@b大连网信软件有限公司图书馆·11@c20241018 |
| 905 | @aZUCC@b7203783@dTH39@e8 | |
| 机电控制基础理论及应用/王田苗,丑武编著.-北京:清华大学出版社,2003 |
| 234;22 |
| ISBN 7-302-06283-8:23 |
| ● |
| 相关链接 |
|
|
|
|
正题名:机电控制基础理论及应用
索取号:TH39/8
 
预约/预借
| 序号 | 登录号 | 条形码 | 馆藏地/架位号 | 状态 | 备注 |
| 1 | 7203783 | 272037832 | 密集书库-物理学院/ [索取号:TH39/8] | 在馆 |